Les jolies filles - Zamdane, PLK - Statistiques

Statistiques générales
  • Ce quiz a été pris 151 fois
  • Le résultat moyen est 218 sur 460
Statistiques - réponses
Réponse % Correct
l
97%
à
88%
a
88%
J
83%
j
83%
s
83%
m
80%
c
78%
Le
76%
le
76%
ma
73%
d
72%
filles
72%
ai
71%
aime
71%
jolies
71%
les
71%
Les
71%
n
71%
garçons
70%
mauvais
70%
aiment
69%
la
68%
La
68%
ça
65%
de
65%
dans
63%
qu
61%
est
60%
fais
59%
un
59%
avec
58%
des
58%
En
58%
en
58%
me
57%
et
56%
Si
56%
si
56%
une
56%
beuh
55%
mal
55%
tour
55%
Elle
54%
elle
54%
va
54%
ville
54%
caleçon
53%
destination
52%
relation
52%
notre
51%
on
51%
ce
50%
je
50%
moi
50%
Moi
50%
pas
49%
date
48%
bad
45%
choisis
45%
fait
45%
belle
44%
bon
44%
histoire
44%
que
44%
Que
44%
son
44%
toi
44%
boys
43%
Tout
43%
gamos
42%
genre
42%
madame
42%
soir
42%
trop
42%
chic
41%
mon
41%
Mon
41%
quand
41%
vie
41%
qui
40%
cœur
39%
enfuit
39%
noir
39%
passe
39%
short
39%
weed
39%
zone
39%
déchire
38%
dérisoire
38%
sa
38%
vends
38%
aille
37%
demande
37%
nous
37%
état
36%
quoi
36%
ailleurs
34%
risques
34%
mais
33%
Mais
33%
rentre
33%
débrouille
32%
semblable
31%
pour
30%
Pour
30%
cul
29%
Saint
27%
veut
26%
décapotable
24%
suis
24%
faire
23%
sincou
23%
au
22%
moment
22%
soleil
22%
stylé
22%
Lunettes
21%
te
20%
baise
18%
Cloud
18%
écus
18%
18%
sous
18%
film
17%
chèques
16%
com
16%
Hey
16%
meufs
16%
planqué
16%
signer
16%
destinée
15%
baiser
14%
Matt
14%
bonnes
13%
comme
12%
Damon
11%
carre
10%
fils
10%
même
10%
ministre
10%
ne
10%
ta
10%
tu
10%
il
9%
Peut
9%
posé
9%
regard
9%
aux
8%
main
8%
Pagani
8%
sur
8%
tends
8%
veux
8%
bise
7%
énervé
7%
bah
6%
boulard
6%
connard
6%
dis
6%
merdé
6%
peine
6%
bitches
5%
être
5%
négligé
5%
ouais
5%
putain
5%
raison
5%
ressemble
5%
âme
4%
laquelle
4%
mène
4%
amis
3%
Concentré
3%
crois
3%
dollars
3%
fond
3%
frères
3%
juste
3%
ont
3%
ous
3%
Paname
3%
tous
3%
92
2%
amour
2%
appartient
2%
froid
2%
sais
2%
talbins
2%
ait
1%
banlieue
1%
coins
1%
connais
1%
enfants
1%
pirates
1%
réchauffe
1%
soit
1%
train
1%
trois
1%
aide
0%
deux
0%
fasse
0%
galère
0%
poids
0%
présence
0%
toit
0%
vive
0%
Aucun quiz correspondant
Distribution des résultats
% des personnes avec chaque résultat
Percentile par nombre de réponses
Votre historique - résultats
Vous n’avez pas pris ce quiz